000 00640nam a22001933a 4500
005 20210223124203.0
008 010614m19631990mx r 000 0 spa d
020 _a9682926912
035 _aUPN01000108339
049 _aCG
050 4 _aGT625
_bD7.3
100 1 _aDrucker, Susana
245 1 0 _aCambio de indumentaria :
_bla estructura social y el abandono de la vestimenta indígena en la Villa de Santiago Jamiltepec /
_cSusana Drucker.
260 _aMéxico :
_bCNCA :
_bINI,
_c1963 (1990 impr.).
300 _a143 p., [1] h. pleg. :
_bil.
440 0 _aPresencias ;
_v21
650 4 _aROPA Y VESTIDOS -
_zMEXICO
_915235
905 _aLibro
999 _c82251
_d82251